高齢化率の高い市 - Statistics

General Stats
  • This quiz has been taken 434 times
  • The average score is 16 of 20
Answer Stats
都道府県 高齢化率(%) % Correct
北海道 夕張市 52.20
96%
北海道 歌志内市 53.33
95%
石川県 珠洲市 51.62
93%
高知県 土佐清水市 50.55
90%
高知県 室戸市 51.75
88%
石川県 輪島市 46.16
88%
三重県 尾鷲市 44.94
85%
三重県 熊野市 44.66
83%
北海道 赤平市 48.96
82%
秋田県 男鹿市 47.17
80%
秋田県 北秋田市 44.54
78%
北海道 三笠市 47.50
77%
千葉県 南房総市 47.24
77%
徳島県 三好市 46.07
76%
静岡県 熱海市 48.69
75%
北海道 芦別市 47.77
73%
大分県 津久見市 44.98
73%
大分県 豊後大野市 44.32
73%
大分県 竹田市 48.27
69%
愛媛県 西予市 44.10
66%
No matching quizzes found
Score Distribution
Percent of People with Each Score
Percentile by Number Answered
Your Score History
You have not taken this quiz